Mi Confesión : (Registro nro. 10237)

Detalles MARC
000 -CABECERA
Longitud fija campo de control 01013nam a2200241 a 4500
003 - • IDENTIFICADOR DELl NÚMERO DE CONTROL
Identificador del número de control CO-ViMGA
008 - • CÓDIGOS DE INFORMACIÓN DE LONGITUD FIJA
Códigos de información de longitud fija 141112s2004 ck r 000 u spa d
020 ## - • NÚMERO INTERNACIONAL NORMALIZADO PARA LIBROS
Número Internacional Normalizado para Libros (ISBN) 95800610193
040 ## - FUENTE DE LA CATALOGACIÓN
Centro catalogador de origen CO-ViMGA
Lengua de catalogación spa
Centro transcriptor CO-ViMGA
082 04 - • NÚMERO DE LA CLASIFICACIÓN DECIMAL DEWEY
Número de clasificación (R) 923.4 C177a
100 1# - • PUNTO DE ACCESO PRINCIPAL-NOMBRE DE PERSONA
Nombre de persona Aranguen Molina, Mauricio
245 10 - • TITULO PROPIAMENTE DICHO
Título Mi Confesión :
Resto del título Carlos Castaño revela sus secretos
250 ## - • MENCIÓN DE EDICIÓN
Mención de edición 11
300 ## - • DESCRIPCIÓN FÍSICA
Extensión 416p
505 ## - • NOTA DE CONTENIDO CON FORMATO
Nota de contenido con formato Historia de la autodefensa 113 - - Información de Carlos Castaño con el amigo sibarita 235 - - Las Farc entre el romance y la muerte 255 - - Las convenciones secretas : el gobierno de pastrana y las autodefensas 317
590 ## - NOTAS LOCALES
Nota local Forma de adquisición : Compra - - Precio : 35.800 - - Proveedor : Bernalibros - - Fecha de adquisición : Octubre 2007
650 14 - • PUNTO DE ACCESO ADICIONAL DE MATERIA - TÉRMINO DE MATERIA
Término de materia o nombre geográfico como elemento inicial CARLOS CASTAÑO - CORRESPONDENCIA, MEMORIAS, ETC
650 14 - • PUNTO DE ACCESO ADICIONAL DE MATERIA - TÉRMINO DE MATERIA
Término de materia o nombre geográfico como elemento inicial CASTAÑO CARLOS - PENSAMIENTO POLÍTICO
650 14 - • PUNTO DE ACCESO ADICIONAL DE MATERIA - TÉRMINO DE MATERIA
Término de materia o nombre geográfico como elemento inicial PARAMILITARISMO
942 ## - ENTRADA DE ELEMENTOS AGREGADOS (KOHA)
Fuente de clasificaión o esquema Dewey Decimal Classification
Koha [por defecto] tipo de item LIbro
Existencias
Perdido Fuente de clasificación o esquema Estado Físico No para préstamo Forma de adquisición Localización permanente Localización actual Fecha adquisición Serie de enumeración / cronolog&íacute;a Préstamos totales Signatura completa Código de barras Fecha última consulta Número de copia Fecha del precio de reemplazo Tipo de item de Koha Fecha último préstamo
  Dewey Decimal Classification     Sala General Biblioteca Barrio Porfia - Villavicencio Biblioteca Barrio Porfia - Villavicencio 12/04/2015 08/mar/2012   923.4 C177a 24289 12/04/2015 Ej. 2 12/04/2015 LIbro  
  Dewey Decimal Classification     Sala General Segundo Piso Biblioteca Pública Germán Arciniegas - Villavicencio Biblioteca Pública Germán Arciniegas - Villavicencio 12/04/2015 Volumen. 1 | 11/jun/2009 1 923.4 C177a 22128 10/20/2016 Ej. 1 12/04/2015 LIbro 10/13/2016









Instituto Departamental de Cultura del Meta - Red Departamental de Bibliotecas Públicas del Meta.